Java software solutions : (Record no. 346321)
[ view plain ]
| 000 -LEADER | |
|---|---|
| fixed length control field | 01355 a2200205 4500 |
| 020 ## - INTERNATIONAL STANDARD BOOK NUMBER | |
| International Standard Book Number | 0201571641 |
| 020 ## - INTERNATIONAL STANDARD BOOK NUMBER | |
| International Standard Book Number | 9780201571646 |
| 082 04 - DEWEY DECIMAL CLASSIFICATION NUMBER | |
| Classification number | 005.133 |
| 090 ## - LOCALLY ASSIGNED LC-TYPE CALL NUMBER (OCLC); LOCAL CALL NUMBER (RLIN) | |
| -- | 3858 |
| -- | 3858 |
| 100 1# - MAIN ENTRY--PERSONAL NAME | |
| Personal name | Lewis, John. |
| 245 10 - TITLE STATEMENT | |
| Title | Java software solutions : |
| Remainder of title | foundations of program design / |
| Statement of responsibility, etc. | John Lewis. |
| 260 ## - PUBLICATION, DISTRIBUTION, ETC. | |
| Place of publication, distribution, etc. | [S.l.] : |
| Name of publisher, distributor, etc. | Addison-Wesley, |
| Date of publication, distribution, etc. | 1997. |
| 300 ## - PHYSICAL DESCRIPTION | |
| Extent | 857 p. ; |
| Dimensions | 23 cm. |
| 500 ## - GENERAL NOTE | |
| General note | Paperback. |
| 520 ## - SUMMARY, ETC. | |
| Summary, etc. | Using Java(TM) 1.1, Java Software Solutions teaches beginning programmers how to design and implement high-quality object-oriented software. The authors emphasize problem solving through understanding requirements, exploring options, and designing conceptually clean solutions. John Lewis and Bill Loftus wrote this book from the ground up, taking full advantage of Java to teach introductory programming. Throughout the book, the authors intertwine the use of applets and applications to demonstrate computing concepts. Applets are introduced early, building on the excitement of the web, while applications are used for readers to gain a clear understanding of programming concepts. |
| 700 1# - ADDED ENTRY--PERSONAL NAME | |
| Personal name | Loftus, William. |
| 856 40 - ELECTRONIC LOCATION AND ACCESS | |
| Materials specified | Amazon.com |
| Uniform Resource Identifier | <a href="http://www.amazon.com/exec/obidos/ASIN/0201571641/chopaconline-20">http://www.amazon.com/exec/obidos/ASIN/0201571641/chopaconline-20</a> |
| 856 40 - ELECTRONIC LOCATION AND ACCESS | |
| Materials specified | Amazon customer reviews |
| Uniform Resource Identifier | <a href="http://www.chopac.org/cgi-bin/tools/azrev.pl?q=0201571641">http://www.chopac.org/cgi-bin/tools/azrev.pl?q=0201571641</a> |
| 942 ## - ADDED ENTRY ELEMENTS (KOHA) | |
| Institution code [OBSOLETE] | NBS |
| Koha item type | Book |
| Call number prefix | 055.133 LEW |
| Withdrawn status | Lost status | Damaged status | Not for loan | Permanent Location | Current Location | Date acquired | Total Checkouts | Full call number | Barcode | Date last seen | Date last checked out | Price effective from | Koha item type |
|---|---|---|---|---|---|---|---|---|---|---|---|---|---|
| Central Library (CL) | Central Library (CL) | 08/28/2013 | 1 | 055.133 LEW | NBS3849 | 11/22/2017 | 07/19/2017 | 08/28/2013 | Book |
